000 00458nam a2200181Ia 4500
005 20250326130016.0
008 250326s9999 xx 000 0 und d
037 _aTextbook
040 _aFMSL
_beng
_cFMSL
041 _aeng
_2eng
084 _aX N1
_qFMSL
100 _aH M S O
_9702719
245 0 _aProces & economic in 1951-69
_cH M S O
260 _aNY
_bNY, HMSO
_c1971
300 _a43p
942 _cTB
_hX N1
999 _c1280549
_d1280549